| 000 | 02419cam a22004814i 4500 | ||
|---|---|---|---|
| 003 | PE-LiUPU | ||
| 005 | 20250731172802.0 | ||
| 008 | 150617s r 000 0 d | ||
| 035 | _a(Sirsi) a13127 | ||
| 040 |
_aPE-LiUPU _bspa _cPE-LiUPU _erda |
||
| 049 | _aPRUA | ||
| 082 | 0 | 4 |
_a231.8 _bW32 _221 |
| 110 | 2 | _aWatchtower Bible and Tract Society | |
| 245 | 1 | 0 |
_aSea Dios veraz / _cWatchtower Bible and Tract Society. |
| 264 | 1 |
_aNew York : _bInternational Bible Students Association, _c1949. |
|
| 300 |
_a319 páginas ; _c18 cm |
||
| 336 |
_atext _2rdacontent |
||
| 337 |
_aunmediated _2rdamedia |
||
| 338 |
_avolume _2rdacarrier |
||
| 505 | 0 | _aSea Dios veraz -- ¿Quién es Jehová -- ¿Qué decís vosotros respecto al Mesías? -- Satanás el diablo -- ¿Qué es el hombre? -- El infierno, un lugar de descanso en esperanza -- ¿Hay una trinidad? -- Rescate por muchos -- La iglesia de Dios -- El reino de los cielos -- El uso de imágenes en la adoración -- El camino a Dios mediante la oración -- El sábado en sombra y en realidad -- No bajo la ley, sino bajo la gracia -- La vuelta del Señor -- Recogimiento de los judíos-pasado y presente -- ¿Quiénes son los testigos de Jehová? -- Saludos y la política -- El fin del mundo -- La tierra nueva -- Resurrección -- El día del juicio -- La consagración-el camino a la vida -- Sirviendo al verdadero Dios. | |
| 526 | _aSEG42 | ||
| 526 | _aSEG41 | ||
| 526 | _aSEG40 | ||
| 526 | _aSEG39 | ||
| 526 | _aP94 | ||
| 526 | _aP87 | ||
| 526 | _aP86 | ||
| 526 | _aP85 | ||
| 526 | _aP77 | ||
| 526 | _aP76 | ||
| 526 | _aP35 | ||
| 650 | 0 | 4 |
_aDios _xTestigos de Jehová. |
| 910 |
_ajck _bjvq _cjck _d20150616 |
||
| 942 |
_2ddc _cBOOK |
||
| 949 |
_a231.8 W32 _wDEWEY _c1 _i11335 _lCCODEBUL1 _mBUL _p00.00 _r0 _sY _tBOOK _u2015-04-22 _xTEOLOGIA _PP35 _0COMPRA _o.STAFF. Colección General |
||
| 949 |
_a231.8 W32 _wDEWEY _c2 _i06870 _lCCODEBUL1 _mBUL _p00.00 _r0 _sY _tBOOK _u19800826 _xTEOLOGIA _PP35 _0COMPRA _o.STAFF. Colección General |
||
| 994 |
_aC0 _bPEPRU |
||
| 596 | _a1 | ||
| 999 |
_a231.8 W32 _wDEWEY _c3462 _i11335 _d3462 _f2021-11-11 _g5 _lCCODEBUL1 _mBUL _q1 _r0 _sY _tBOOK _u2015-4-22 _xTEOLOGIA _PP35 _0COMPRA _o.STAFF. Colección General |
||
| 999 |
_a231.8 W32 _wDEWEY _c2 _i06870 _f2021-11-11 _g5 _lCCODEBUL1 _mBUL _r0 _sY _tBOOK _u2015-6-17 _xTEOLOGIA _PP35 _0COMPRA _o.STAFF. Colección General |
||
| 980 |
_81 _gALBERTO SANCHEZ Responsable de Automatización |
||